000 00615nam a2200193 a 4500
001 000030959
005 20240412074255.0
008 110608t1939 dr c 000 p spa d
040 _aDO-SdBNP
_bspa
_cBNPHU
082 _aRD861.42
_bS162c
100 1 _aSaldaña Suazo, José A.
_926628
245 1 0 _aCanto a Borinquen /
_cJosé A. Saldaña Suazo.
260 _aCiudad Trujillo, República Dominicana :
_bImprenta Fémina,
_c1939.
300 _a26 p. :
_bretr. ;
_c21 cm.
650 0 _aPoesía dominicana
_966
650 0 _aLiteratura dominicana.
_967
910 _aValidado. Control de calidad EMS.
049 _aBNPD
999 _c30451
_d30451